La administración pública en el estado de Jalisco /

Guardado en:
Bibliografiske detaljer
Hovedforfatter: Castañeda Jiménez, Héctor F. (autor)
Format: Bog
Sprog:spansk
Udgivet: Guadalajara, México : Instituto de Administración Pública del Estado de Jalisco, 1987
Tags: Tilføj Tag
Ingen Tags, Vær først til at tagge denne postø!

MARC

LEADER 00000nam^a2200000^a^4500
001 000629842
005 20260407000000.0
009 20260408133318.766
037 |a Acervo ITESO - Biblioteca 
041 |a ESP 
091 |a FOB. 04368 
100 |a Castañeda Jiménez, Héctor F.  |e (autor) 
245 1 3 |a La administración pública en el estado de Jalisco / 
264 1 |a Guadalajara, México :  |b Instituto de Administración Pública del Estado de Jalisco,  |c 1987 
300 |a 150 p. 
336 |a texto  |b txt  |2 rdacontenido 
337 |a sin mediación  |b n  |2 rdamedio 
338 |a volumen  |b nc  |2 rdasoporte 
649 |a XX 
910 |a Fondo Carlos de Obeso Orendain 
920 |a Impresos - Libros 
930 |a Fondos Especiales 
905 |a 147 
901 |a 629842-10  |b IT2  |c ESP  |i D  |u 20260407 
902 |a https://opac.biblio.iteso.mx/vufind/Record/000629842